[Event "Rapid 2018"]
[Site "Saint-Petersburg"]
[Date "2018.12.28"]
[Round "09"]
[Board "14"]
[White "Nakhbayeva Guliskhan (KAZ)"]
[Black "Cramling Pia (SWE)"]
[Result "0-1"]
[BlackElo "2420"]
[WhiteElo "2252"]
[LiveChessVersion "1.4.8"]

1. d4 {[%clk 0:15:19]} Nf6 {[%clk 0:15:17]} 2. c4 {[%clk 0:15:28]} e6
{[%clk 0:15:26]} 3. Nc3 {[%clk 0:15:36]} Bb4 {[%clk 0:15:34]} 4. e3
{[%clk 0:15:43]} b6 {[%clk 0:15:41]} 5. Nge2 {[%clk 0:15:15]} Ne4
{[%clk 0:15:45]} 6. Qc2 {[%clk 0:14:22]} Bb7 {[%clk 0:15:50]} 7. a3
{[%clk 0:14:08]} Bxc3+ {[%clk 0:15:55]} 8. bxc3 {[%clk 0:14:15]} f5
{[%clk 0:15:43]} 9. f3 {[%clk 0:13:56]} Qh4+ {[%clk 0:13:07]} 10. g3
{[%clk 0:13:56]} Qe7 {[%clk 0:13:13]} 11. Bg2 {[%clk 0:10:25]} Ng5
{[%clk 0:12:56]} 12. O-O {[%clk 0:10:18]} O-O {[%clk 0:13:04]} 13. a4
{[%clk 0:10:12]} d6 {[%clk 0:12:47]} 14. a5 {[%clk 0:10:15]} Na6 {[%clk 0:11:59]}
15. Nf4 {[%clk 0:09:17]} Rab8 {[%clk 0:10:53]} 16. Bd2 {[%clk 0:09:06]} c6
{[%clk 0:10:46]} 17. axb6 {[%clk 0:09:04]} axb6 {[%clk 0:10:55]} 18. Rab1
{[%clk 0:07:31]} e5 {[%clk 0:10:52]} 19. Ne2 {[%clk 0:07:19]} Bc8
{[%clk 0:10:15]} 20. Rbe1 {[%clk 0:06:55]} Be6 {[%clk 0:09:30]} 21. Qa4
{[%clk 0:06:52]} Qb7 {[%clk 0:09:18]} 22. e4 {[%clk 0:06:17]} Nf7
{[%clk 0:07:21]} 23. Bh3 {[%clk 0:06:04]} b5 {[%clk 0:06:37]} 24. cxb5
{[%clk 0:06:07]} cxb5 {[%clk 0:06:46]} 25. Qc2 {[%clk 0:06:07]} Nc7
{[%clk 0:06:17]} 26. Bxf5 {[%clk 0:04:54]} Bxf5 {[%clk 0:06:22]} 27. exf5
{[%clk 0:05:03]} Ra8 {[%clk 0:06:24]} 28. g4 {[%clk 0:04:39]} Qd5
{[%clk 0:06:08]} 29. Ng3 {[%clk 0:04:27]} Ra2 {[%clk 0:05:50]} 30. Qd3
{[%clk 0:04:30]} Qc4 {[%clk 0:05:19]} 31. Qxc4 {[%clk 0:03:56]} bxc4
{[%clk 0:05:28]} 32. Rf2 {[%clk 0:03:30]} Nd5 {[%clk 0:05:18]} 33. Ne4
{[%clk 0:03:06]} Rc2 {[%clk 0:03:36]} 34. Be3 {[%clk 0:02:48]} Rxf2
{[%clk 0:03:17]} 35. Bxf2 {[%clk 0:02:55]} Rb8 {[%clk 0:02:49]} 36. Rd1
{[%clk 0:02:29]} Nf4 {[%clk 0:02:44]} 37. Kf1 {[%clk 0:01:55]} Rb2
{[%clk 0:02:29]} 38. Bg3 {[%clk 0:01:48]} Nd3 {[%clk 0:01:41]} 39. dxe5
{[%clk 0:01:26]} dxe5 {[%clk 0:01:20]} 40. Nd2 {[%clk 0:01:29]} Rc2
{[%clk 0:01:11]} 41. Nxc4 {[%clk 0:01:37]} Rxc3 {[%clk 0:01:20]} 42. Rb1
{[%clk 0:01:11]} h6 {[%clk 0:01:19]} 43. Rb8+ {[%clk 0:01:18]} Kh7
{[%clk 0:01:28]} 44. Nd2 {[%clk 0:01:21]} Ng5 {[%clk 0:00:36]} 45. h4
{[%clk 0:01:26]} Nh3 {[%clk 0:00:44]} 46. Re8 {[%clk 0:01:12]} Rc1+
{[%clk 0:00:39]} 47. Ke2 {[%clk 0:01:18]} Nhf4+ {[%clk 0:00:40]} 48. Ke3
{[%clk 0:01:13]} Rc3 {[%clk 0:00:35]} 49. Bxf4 {[%clk 0:01:03]} Nxf4+
{[%clk 0:00:40]} 50. Ke4 {[%clk 0:01:10]} Rc2 {[%clk 0:00:32]} 51. Rd8
{[%clk 0:00:47]} Ng2 {[%clk 0:00:20]} 52. h5 {[%clk 0:00:55]} Ne1
{[%clk 0:00:25]} 53. Rd5 {[%clk 0:00:46]} Kg8 {[%clk 0:00:24]} 54. f6
{[%clk 0:00:46]} gxf6 {[%clk 0:00:31]} 55. Kf5 {[%clk 0:00:55]} Rc6
{[%clk 0:00:36]} 56. Rd8+ {[%clk 0:00:55]} Kf7 {[%clk 0:00:45]} 57. Rd7+
{[%clk 0:01:02]} Ke8 {[%clk 0:00:53]} 58. Rh7 {[%clk 0:01:11]} Ng2
{[%clk 0:00:54]} 59. Rxh6 {[%clk 0:01:12]} Nh4+ {[%clk 0:00:49]} 60. Ke4
{[%clk 0:01:19]} f5+ {[%clk 0:00:59]} 61. Kxe5 {[%clk 0:01:08]} Rxh6
{[%clk 0:01:07]} 62. g5 {[%clk 0:01:11]} Rxh5 {[%clk 0:01:10]} 63. f4
{[%clk 0:01:20]} Kf7 {[%clk 0:01:14]} 64. Nc4 {[%clk 0:01:27]} Kg6
{[%clk 0:01:22]} 65. Nd6 {[%clk 0:01:35]} Nf3+ {[%clk 0:01:28]} 66. Ke6
{[%clk 0:01:44]} Rh1 {[%clk 0:01:27]} 0-1

[Event "Rapid 2018"]
[Site "Saint-Petersburg"]
[Date "2018.12.28"]
[Round "09"]
[Board "46"]
[White "Shvayger Yuliya (ISR)"]
[Black "Garifullina Leya (RUS)"]
[Result "1-0"]
[BlackElo "2118"]
[WhiteElo "2249"]
[LiveChessVersion "1.4.8"]

1. e4 {[%clk 0:15:18]} e6 {[%clk 0:15:17]} 2. d4 {[%clk 0:15:05]} d5
{[%clk 0:15:24]} 3. Nc3 {[%clk 0:15:01]} Bb4 {[%clk 0:15:28]} 4. Nge2
{[%clk 0:15:07]} dxe4 {[%clk 0:14:57]} 5. a3 {[%clk 0:15:16]} Bxc3+
{[%clk 0:15:03]} 6. Nxc3 {[%clk 0:15:25]} Nc6 {[%clk 0:15:11]} 7. Bb5
{[%clk 0:15:18]} Nf6 {[%clk 0:14:32]} 8. Bg5 {[%clk 0:15:07]} h6 {[%clk 0:12:27]}
9. Bxf6 {[%clk 0:13:04]} Qxf6 {[%clk 0:12:27]} 10. Nxe4 {[%clk 0:12:56]} Qg6
{[%clk 0:12:02]} 11. Bxc6+ {[%clk 0:12:40]} bxc6 {[%clk 0:12:10]} 12. Qf3
{[%clk 0:12:36]} O-O {[%clk 0:11:51]} 13. O-O {[%clk 0:10:58]} Ba6
{[%clk 0:10:12]} 14. Rfc1 {[%clk 0:09:25]} Rad8 {[%clk 0:08:10]} 15. Nc5
{[%clk 0:07:59]} Bc4 {[%clk 0:07:19]} 16. b3 {[%clk 0:08:07]} Bd5
{[%clk 0:07:28]} 17. Qg3 {[%clk 0:08:15]} Be4 {[%clk 0:06:52]} 18. c3
{[%clk 0:06:55]} Qxg3 {[%clk 0:06:41]} 19. hxg3 {[%clk 0:07:03]} Bg6
{[%clk 0:06:47]} 20. Re1 {[%clk 0:06:39]} Rd5 {[%clk 0:06:21]} 21. f4
{[%clk 0:06:45]} Rb8 {[%clk 0:06:11]} 22. b4 {[%clk 0:06:16]} Bf5
{[%clk 0:06:02]} 23. a4 {[%clk 0:06:17]} Kf8 {[%clk 0:05:20]} 24. Kf2
{[%clk 0:05:59]} Ke7 {[%clk 0:05:20]} 25. Ke3 {[%clk 0:05:31]} Rdd8
{[%clk 0:05:23]} 26. Rh1 {[%clk 0:05:10]} Rh8 {[%clk 0:05:02]} 27. Na6
{[%clk 0:05:15]} Rb7 {[%clk 0:05:03]} 28. Kf3 {[%clk 0:04:45]} h5
{[%clk 0:05:08]} 29. Rae1 {[%clk 0:04:52]} f6 {[%clk 0:05:00]} 30. Nc5
{[%clk 0:05:00]} Rbb8 {[%clk 0:05:07]} 31. Nxe6 {[%clk 0:04:41]} Bg4+
{[%clk 0:04:04]} 32. Kf2 {[%clk 0:04:44]} Bxe6 {[%clk 0:03:56]} 33. f5
{[%clk 0:04:52]} Kd7 {[%clk 0:04:04]} 34. Rxe6 {[%clk 0:04:59]} Rbe8
{[%clk 0:04:12]} 35. Rxe8 {[%clk 0:04:46]} Kxe8 {[%clk 0:04:17]} 36. Rh4
{[%clk 0:04:28]} Rf8 {[%clk 0:03:57]} 37. Rxh5 {[%clk 0:04:34]} Kf7
{[%clk 0:04:05]} 38. a5 {[%clk 0:04:29]} Re8 {[%clk 0:04:08]} 39. Rh1
{[%clk 0:04:38]} Rd8 {[%clk 0:04:11]} 40. Re1 {[%clk 0:04:42]} c5
{[%clk 0:03:42]} 41. dxc5 {[%clk 0:04:43]} Rd2+ {[%clk 0:03:51]} 42. Re2
{[%clk 0:04:50]} Rd3 {[%clk 0:03:59]} 43. Re3 {[%clk 0:04:58]} Rd2+
{[%clk 0:04:07]} 44. Kf3 {[%clk 0:05:06]} Rd5 {[%clk 0:04:12]} 45. g4
{[%clk 0:05:14]} Rd2 {[%clk 0:04:19]} 46. g3 {[%clk 0:05:10]} Kf8
{[%clk 0:04:27]} 47. Ke4 {[%clk 0:04:50]} Ke7 {[%clk 0:04:31]} 48. Rd3
{[%clk 0:04:58]} Re2+ {[%clk 0:04:36]} 49. Kd5 {[%clk 0:05:06]} Kd7
{[%clk 0:04:45]} 50. Kc4+ {[%clk 0:04:22]} Kc8 {[%clk 0:04:52]} 51. Kb5
{[%clk 0:04:18]} Kb7 {[%clk 0:04:48]} 52. a6+ {[%clk 0:04:25]} Kc8
{[%clk 0:04:54]} 53. Kc6 {[%clk 0:04:33]} Ra2 {[%clk 0:04:55]} 54. b5
{[%clk 0:04:41]} Re2 {[%clk 0:05:01]} 55. Rd7 {[%clk 0:04:42]} Re8
{[%clk 0:05:07]} 56. Rxc7+ {[%clk 0:04:03]} Kb8 {[%clk 0:05:16]} 57. b6
{[%clk 0:04:09]} Rg8 {[%clk 0:05:16]} 58. Rxa7 {[%clk 0:04:13]} Rc8+
{[%clk 0:05:24]} 59. Kb5 {[%clk 0:04:16]} g5 {[%clk 0:05:24]} 60. Rf7
{[%clk 0:04:16]} Re8 {[%clk 0:04:57]} 61. a7+ {[%clk 0:04:07]} Ka8
{[%clk 0:05:05]} 62. Ka6 {[%clk 0:04:08]} 1-0

[Event "Rapid 2018"]
[Site "Saint-Petersburg"]
[Date "2018.12.28"]
[Round "10"]
[Board "53"]
[White "Makarenko Alexandra (RUS)"]
[Black "Arutyunova Diana (UKR)"]
[Result "0-1"]
[BlackElo "2243"]
[WhiteElo "2142"]
[LiveChessVersion "1.4.8"]

1. e4 {[%clk 0:15:18]} d6 {[%clk 0:14:39]} 2. d4 {[%clk 0:15:20]} Nf6
{[%clk 0:14:42]} 3. Nc3 {[%clk 0:15:22]} c6 {[%clk 0:14:51]} 4. f3
{[%clk 0:15:21]} Qa5 {[%clk 0:14:51]} 5. Be3 {[%clk 0:15:10]} e5 {[%clk 0:15:00]}
6. Nge2 {[%clk 0:14:56]} Be7 {[%clk 0:15:04]} 7. g4 {[%clk 0:14:41]} b5
{[%clk 0:14:44]} 8. g5 {[%clk 0:14:26]} Nfd7 {[%clk 0:14:41]} 9. Qd2
{[%clk 0:13:22]} b4 {[%clk 0:14:01]} 10. Nd1 {[%clk 0:13:16]} d5 {[%clk 0:13:55]}
11. Bg2 {[%clk 0:13:02]} dxe4 {[%clk 0:11:40]} 12. fxe4 {[%clk 0:13:10]} Ba6
{[%clk 0:11:48]} 13. d5 {[%clk 0:12:36]} Bc5 {[%clk 0:11:35]} 14. O-O
{[%clk 0:12:00]} Qb6 {[%clk 0:10:49]} 15. Kh1 {[%clk 0:11:35]} O-O
{[%clk 0:10:43]} 16. Rf3 {[%clk 0:10:42]} cxd5 {[%clk 0:08:27]} 17. exd5
{[%clk 0:10:37]} f5 {[%clk 0:08:30]} 18. gxf6 {[%clk 0:10:34]} Nxf6
{[%clk 0:08:13]} 19. c3 {[%clk 0:07:33]} Nbd7 {[%clk 0:07:22]} 20. cxb4
{[%clk 0:06:20]} Qxb4 {[%clk 0:07:00]} 21. Ndc3 {[%clk 0:05:15]} Rab8
{[%clk 0:05:47]} 22. Rb1 {[%clk 0:03:15]} e4 {[%clk 0:05:05]} 23. Rg3
{[%clk 0:02:02]} Bd3 {[%clk 0:04:49]} 24. Bxc5 {[%clk 0:01:37]} Qxc5
{[%clk 0:04:27]} 25. Qg5 {[%clk 0:01:33]} g6 {[%clk 0:03:22]} 26. Rc1
{[%clk 0:01:32]} Qd6 {[%clk 0:02:55]} 27. Nf4 {[%clk 0:01:18]} Ne5
{[%clk 0:03:02]} 28. Nxd3 {[%clk 0:00:13]} Nxd3 {[%clk 0:02:52]} 29. Rf1 Rxb2
{[%clk 0:02:41]} 30. Nd1 {[%clk 0:00:16]} Rb5 {[%clk 0:02:13]} 31. Ne3
{[%clk 0:00:20]} Nh5 {[%clk 0:01:38]} 32. Rxf8+ {[%clk 0:00:11]} Qxf8
{[%clk 0:01:34]} 33. Qxh5 {[%clk 0:00:11]} Rb1+ {[%clk 0:01:44]} 34. Bf1
{[%clk 0:00:20]} Rxf1+ {[%clk 0:01:52]} 35. Kg2 {[%clk 0:00:19]} Qf2+
{[%clk 0:02:00]} 36. Kh3 {[%clk 0:00:28]} Nf4+ {[%clk 0:02:09]} 37. Kg4
{[%clk 0:00:34]} Nxh5 {[%clk 0:02:17]} 38. Nxf1 {[%clk 0:00:43]} Qxf1
{[%clk 0:02:22]} 39. Rb3 {[%clk 0:00:40]} Qf5+ {[%clk 0:02:26]} 40. Kh4
{[%clk 0:00:49]} Nf6 {[%clk 0:02:30]} 41. Rb8+ {[%clk 0:00:45]} Kg7
{[%clk 0:02:38]} 0-1

[Event "Rapid 2018"]
[Site "Saint-Petersburg"]
[Date "2018.12.28"]
[Round "10"]
[Board "56"]
[White "Strutinskaia Galina (RUS)"]
[Black "Loskutova Viktoriya (RUS)"]
[Result "1-0"]
[BlackElo "2017"]
[WhiteElo "2204"]
[LiveChessVersion "1.4.8"]

1. d4 {[%clk 0:15:19]} d5 {[%clk 0:15:19]} 2. c4 {[%clk 0:15:27]} e6
{[%clk 0:15:28]} 3. Nc3 {[%clk 0:15:36]} Bb4 {[%clk 0:15:36]} 4. e3
{[%clk 0:15:41]} Nf6 {[%clk 0:15:44]} 5. Bd2 {[%clk 0:15:48]} O-O
{[%clk 0:15:48]} 6. Nge2 {[%clk 0:15:44]} c6 {[%clk 0:15:31]} 7. Ng3
{[%clk 0:15:47]} b6 {[%clk 0:14:41]} 8. a3 {[%clk 0:15:48]} Bd6 {[%clk 0:14:44]}
9. b4 {[%clk 0:15:47]} Nbd7 {[%clk 0:11:05]} 10. c5 {[%clk 0:14:28]} bxc5
{[%clk 0:10:36]} 11. bxc5 {[%clk 0:14:36]} Be7 {[%clk 0:09:32]} 12. f4
{[%clk 0:14:38]} Ne8 {[%clk 0:07:57]} 13. Qa4 {[%clk 0:14:25]} Qc7
{[%clk 0:08:06]} 14. Na2 {[%clk 0:14:13]} Bb7 {[%clk 0:06:28]} 15. Ba5
{[%clk 0:14:14]} Qc8 {[%clk 0:06:37]} 16. Nb4 {[%clk 0:14:01]} f6
{[%clk 0:06:38]} 17. Bd3 {[%clk 0:13:59]} g6 {[%clk 0:06:11]} 18. O-O
{[%clk 0:13:34]} Ng7 {[%clk 0:06:20]} 19. Rab1 {[%clk 0:13:18]} Re8
{[%clk 0:05:48]} 20. Rf2 {[%clk 0:12:38]} Bf8 {[%clk 0:05:20]} 21. Rfb2
{[%clk 0:12:45]} Rb8 {[%clk 0:05:19]} 22. Qc2 {[%clk 0:12:53]} e5
{[%clk 0:05:21]} 23. fxe5 {[%clk 0:11:20]} fxe5 {[%clk 0:05:29]} 24. Bxg6
{[%clk 0:11:12]} hxg6 {[%clk 0:05:38]} 25. Qxg6 {[%clk 0:11:20]} Re6
{[%clk 0:05:45]} 26. Qg4 {[%clk 0:10:40]} Nf6 {[%clk 0:05:18]} 27. Qd1
{[%clk 0:09:34]} Nd7 {[%clk 0:05:02]} 28. Nd3 {[%clk 0:09:10]} e4
{[%clk 0:04:19]} 29. Nf4 {[%clk 0:09:06]} Re8 {[%clk 0:03:47]} 30. Ngh5
{[%clk 0:07:58]} Nxh5 {[%clk 0:02:39]} 31. Qxh5 {[%clk 0:08:05]} Ba6
{[%clk 0:02:36]} 32. Qg5+ {[%clk 0:07:38]} Kh7 {[%clk 0:02:13]} 33. Qg6+
{[%clk 0:07:17]} Kh8 {[%clk 0:02:22]} 34. Qf7 {[%clk 0:07:05]} Bg7
{[%clk 0:02:10]} 35. Ng6+ {[%clk 0:05:23]} Kh7 {[%clk 0:02:19]} 36. Ne7
{[%clk 0:05:32]} Rxb2 {[%clk 0:02:21]} 37. Qh5+ {[%clk 0:05:34]} Bf8 1-0

[Event "Rapid 2018"]
[Site "Saint-Petersburg"]
[Date "2018.12.28"]
[Round "11"]
[Board "5"]
[White "Koneru Humpy (IND)"]
[Black "Cramling Pia (SWE)"]
[Result "1/2-1/2"]
[BlackElo "2420"]
[WhiteElo "2479"]
[LiveChessVersion "1.4.8"]

1. d4 {[%clk 0:15:18]} Nf6 {[%clk 0:15:19]} 2. c4 {[%clk 0:15:26]} e6
{[%clk 0:15:28]} 3. Nc3 {[%clk 0:15:33]} Bb4 {[%clk 0:15:38]} 4. e3
{[%clk 0:15:37]} b6 {[%clk 0:15:10]} 5. Nge2 {[%clk 0:14:30]} Ne4
{[%clk 0:15:16]} 6. f3 {[%clk 0:12:50]} Nxc3 {[%clk 0:14:53]} 7. bxc3
{[%clk 0:12:55]} Be7 {[%clk 0:15:01]} 8. Ng3 {[%clk 0:12:34]} Nc6
{[%clk 0:14:44]} 9. Bd3 {[%clk 0:12:15]} Ba6 {[%clk 0:14:39]} 10. O-O
{[%clk 0:11:52]} Na5 {[%clk 0:14:36]} 11. Qe2 {[%clk 0:11:51]} d5
{[%clk 0:14:12]} 12. cxd5 {[%clk 0:11:55]} Bxd3 {[%clk 0:14:21]} 13. Qxd3
{[%clk 0:12:03]} Qxd5 {[%clk 0:14:27]} 14. e4 {[%clk 0:10:34]} Qc4
{[%clk 0:14:34]} 15. Qe3 {[%clk 0:09:51]} O-O {[%clk 0:14:08]} 16. f4
{[%clk 0:09:41]} f6 {[%clk 0:13:41]} 17. Rf3 {[%clk 0:08:00]} Rf7
{[%clk 0:13:20]} 18. Qf2 {[%clk 0:07:44]} c5 {[%clk 0:12:48]} 19. Be3
{[%clk 0:06:44]} f5 {[%clk 0:10:31]} 20. exf5 {[%clk 0:06:15]} exf5
{[%clk 0:10:39]} 21. dxc5 {[%clk 0:06:15]} bxc5 {[%clk 0:10:39]} 22. Rd1
{[%clk 0:06:19]} Re8 {[%clk 0:09:23]} 23. Qc2 {[%clk 0:05:56]} g6
{[%clk 0:09:17]} 24. Nf1 {[%clk 0:06:00]} Bf6 {[%clk 0:09:11]} 25. Nd2
{[%clk 0:03:49]} Qxc3 {[%clk 0:07:41]} 26. Qxc3 {[%clk 0:03:58]} Bxc3
{[%clk 0:07:49]} 27. Bxc5 {[%clk 0:04:04]} Bf6 {[%clk 0:07:50]} 28. Ra3
{[%clk 0:03:55]} Rc8 {[%clk 0:06:25]} 29. Be3 {[%clk 0:03:24]} Nc4
{[%clk 0:05:19]} 30. Rc1 {[%clk 0:01:54]} Nxa3 {[%clk 0:04:58]} 31. Rxc8+
{[%clk 0:02:02]} Kg7 {[%clk 0:05:05]} 32. Ra8 {[%clk 0:01:59]} Nb5
{[%clk 0:05:09]} 33. Nf3 {[%clk 0:01:52]} Re7 {[%clk 0:04:46]} 34. Kf2
{[%clk 0:01:45]} Nc3 {[%clk 0:04:47]} 35. Rxa7 {[%clk 0:01:12]} Rxa7
{[%clk 0:04:53]} 36. Bxa7 {[%clk 0:01:20]} 1/2-1/2